| 000 | 01081cad a2200325 i 4500 | ||
|---|---|---|---|
| 003 | EG-GICUC | ||
| 005 | 20260121101501.0 | ||
| 008 | 120827s2013 enk frb 001 0 eng d | ||
| 020 |
_a9780415697040 _qhbk. |
||
| 020 | _z9780203083390 (ebk.) | ||
| 040 |
_aDLC _beng _cDLC _erda _dEG-GiCUC |
||
| 050 | 0 | 0 |
_aHV7419 _b.C697 2013 |
| 082 | 0 | 0 |
_a343.3 _221 |
| 092 | 0 | 4 | _221 |
| 099 | _aLaw 10 2013 | ||
| 100 | 1 | _aCoyle, Michael J. | |
| 245 | 1 | 0 |
_aTalking criminal justice : _blanguage and the just society / _cMichael J. Coyle. |
| 264 | 1 |
_aMilton Park, Abingdon, Oxon ; _aNew York, NY : _bRoutledge, _c2013. |
|
| 300 |
_axxiv, 148 pages ; _c24 cm. |
||
| 336 |
_atext _2rdacontent |
||
| 337 |
_aunmediated _2rdamedia |
||
| 338 |
_avolume _2rdacarrier |
||
| 490 | 0 | _aRoutledge studies in crime and society | |
| 504 | _aIncludes bibliographical references (pages [133]-145) and index. | ||
| 650 | 0 | _aCriminal justice, Administration of. | |
| 650 | 0 | _aCriminal law | |
| 856 | 4 | 0 | _uhttps://fll.law.cu.edu.eg/fulltext/bks/ENGB10-00026.pdf |
| 905 | _a10 | ||
| 942 |
_2ddc _cBK _e21 _n0 |
||
| 999 |
_c50383 _d50383 |
||